| 000 | 00636nam a2200169 4500 | ||
|---|---|---|---|
| 008 | 230629b |||||||| |||| 00| 0 eng d | ||
| 020 | _a9780691148199 | ||
| 050 | _aHC 79 .P6P67 2009 | ||
| 100 | _aCollins, Daryl | ||
| 245 |
_a Portfolios of the poor : _bhow the world's poor live on $2 a day _cDaryl Collins...[et al.]. |
||
| 260 |
_aNew Jersey: _bPrinceton University Press, _cc2009 |
||
| 300 |
_aix, 283 pages : _billustrations ; _c 24 cm |
||
| 500 | _aIncludes bibliographical refrences and index. | ||
| 650 | _aMicrofinance | ||
| 650 |
_aHome economics _xAccounting |
||
| 942 |
_2lcc _cBOOKS _hHC 79 .P6P67 2009 |
||
| 999 |
_c31636 _d31636 |
||